000 00313pab a2200133 454500
008 180718b1990 xxu||||| |||| 00| 0 eng d
245 _aSpecial issue on autonomy and after government media
260 _c1990
300 _a3-39
362 _a27 May
650 _aMass Media
773 _aJanata
909 _a13551
999 _c13551
_d13551